An Introduction to language / (Record no. 10602)
[ view plain ]
| 000 -LEADER | |
|---|---|
| fixed length control field | 00820cam a22002532 4500 |
| 001 - CONTROL NUMBER | |
| control field | 0000002584 |
| 005 - DATE AND TIME OF LATEST TRANSACTION | |
| control field | 20151217154334.0 |
| 008 - FIXED-LENGTH DATA ELEMENTS--GENERAL INFORMATION | |
| fixed length control field | 070416s xx 000 0 eng d |
| 020 ## - INTERNATIONAL STANDARD BOOK NUMBER | |
| International Standard Book Number | 003018682X : |
| 040 ## - CATALOGING SOURCE | |
| Original cataloging agency | KABU |
| Transcribing agency | KABU |
| 050 #0 - LIBRARY OF CONGRESS CALL NUMBER | |
| Classification number | P106 |
| Item number | .F76 1998 |
| 100 1# - MAIN ENTRY--PERSONAL NAME | |
| Personal name | Fromkin, Victoria. |
| -- | 0000151992 |
| 245 13 - TITLE STATEMENT | |
| Title | An Introduction to language / |
| Statement of responsibility, etc. | Victoria Fromkin, Robert Rodman. |
| 250 ## - EDITION STATEMENT | |
| Edition statement | 6th ed. |
| 260 ## - PUBLICATION, DISTRIBUTION, ETC. (IMPRINT) | |
| Place of publication, distribution, etc. | Fort Worth : |
| Name of publisher, distributor, etc. | Harcourt Brace College Publishers, |
| Date of publication, distribution, etc. | c1998. |
| 300 ## - PHYSICAL DESCRIPTION | |
| Extent | xvii, 566 p. : |
| Other physical details | ill. ; |
| Dimensions | 24 cm. |
| 504 ## - BIBLIOGRAPHY, ETC. NOTE | |
| Bibliography, etc | Includes bibliographical references and index. |
| 650 #0 - SUBJECT ADDED ENTRY--TOPICAL TERM | |
| Topical term or geographic name as entry element | Language and languages. |
| -- | 0000045927 |
| 650 #0 - SUBJECT ADDED ENTRY--TOPICAL TERM | |
| Topical term or geographic name as entry element | Linguistics. |
| -- | 0000151993 |
| 700 1# - ADDED ENTRY--PERSONAL NAME | |
| Personal name | Rodman, Robert. |
| -- | 0000151994 |
| 908 ## - PUT COMMAND PARAMETER (RLIN) | |
| Put command parameter | 070416 |
| 950 ## - LOCAL HOLDINGS (RLIN) | |
| -- | 1 |
| Withdrawn status | Lost status | Source of classification or shelving scheme | Not for loan | Home library | Current library | Date acquired | Total Checkouts | Full call number | Barcode | Date last seen | Date last checked out | Price effective from | Koha item type |
|---|---|---|---|---|---|---|---|---|---|---|---|---|---|
| Library of Congress Classification | Kabarak, Main Campus | Kabarak, Main Campus | 17/12/2015 | 8 | P106 .F76 1998 | 009650 | 28/10/2019 | 16/10/2019 | 17/12/2015 | General Collection |